000 00460nam a2200145Ia 4500
003 OSt
005 20260123113236.0
008 211028s2016 xx 000 0 und d
040 _cAIMIT LIBRARY
041 _aeng
100 _aRiyas T C,Muhammed; Kairanna, Sneha S.
_g1416087
_97508
245 _aStudy on customer perception towards A K plywoods pvt ltd with special reference to Thavam /
260 _aMangalore
_bSneha S Kairanna.
_c2016
942 _2ddc
_cPRO
999 _c219076
_d219076